| 000 | 01183cam a2200337 i 4500 | ||
|---|---|---|---|
| 999 |
_c126166 _d48990 |
||
| 001 | 126166 | ||
| 003 | TR-AnTOB | ||
| 005 | 20241024164506.0 | ||
| 007 | ta | ||
| 008 | 011026s2018 tu b 00000 tur d | ||
| 020 | _a9786053004042 | ||
| 035 | _a(OCoLC) | ||
| 040 |
_aSULEY _beng _erda _cSULEY _dTR-AnTOB |
||
| 041 | 0 | _atur | |
| 050 | 1 | 4 | _aKKX4610 |
| 090 |
_aKKX4610 _b.Y87 2018 |
||
| 100 | 1 |
_aYurtcan, Erdener, _d1942- _eauthor _9115584 |
|
| 245 | 1 | 0 |
_aCeza yargılaması hukuku / _cProf. Dr. Erdener Yurtcan. |
| 250 |
_aOnbeşinci Baskı _bŞubat, 2018 |
||
| 264 | 1 |
_aAnkara : _bAdalet, _c2018. |
|
| 300 |
_alxiv, 774 pages ; _c25 cm. |
||
| 336 |
_atext _btxt _2rdacontent |
||
| 337 |
_aunmediated _bn _2rdamedia |
||
| 338 |
_avolume _bnc _2rdacarrier |
||
| 490 | 0 |
_aAdalet. Hukuk Yayınları dizisi; _v2033 |
|
| 500 | _a2017 Anayasa Değişikliği Çerçevesinde CMK Değişiklikleri Tasarısı 7035 saylı Yasa Hükümleri 696 sayılı KHK ile birlikte Güncelleştirilmiş 15. Baskı. | ||
| 504 | _aIncludes bibliographical references (pages : [767]- 774) and index. | ||
| 650 | 0 |
_aCeza yargılaması _zTürkiye _9115759 |
|
| 942 |
_2lcc _cBK |
||